00326nam a22001217a 4500003000400000082001800004100002200022245006000044260004500104300000700149650002400156653002400180SGT a617.645bN24T aTrivedi, Snighdha aNon-Pharmacological techniques of behaviour management  aGurugram, HaryanabSGT University c2023 a55 aPediatric Dentistry aPediatric Dentistry